Diálogo del Hombre y de Dios / (Record no. 90769)
[ view plain ]
| 000 -LEADER | |
|---|---|
| campo de control de longitud fija | 00595nam a2200193 i 4500 |
| 001 - NÚMERO DE CONTROL | |
| campo de control | 90769 |
| 003 - IDENTIFICADOR DE NÚMERO DE CONTROL | |
| campo de control | ES-MaACL |
| 005 - FECHA Y HORA DE LA ÚLTIMA TRANSACCIÓN | |
| campo de control | 20230906180545.0 |
| 007 - CAMPO FIJO DE DESCRIPCIÓN FÍSICA--INFORMACIÓN GENERAL | |
| campo de control de longitud fija | t| |
| 008 - DATOS DE LONGITUD FIJA--INFORMACIÓN GENERAL | |
| campo de control de longitud fija | 050124s1957 sp ||||1| spa d |
| 100 1# - ENTRADA PRINCIPAL--NOMBRE DE PERSONA | |
| Nombre de persona | Leclercq, Jacques. |
| 9 (RLIN) | 71094 |
| 245 10 - MENCIÓN DEL TÍTULO | |
| Título | Diálogo del Hombre y de Dios / |
| Mención de responsabilidad, etc. | Jacques Leclercq ; traducido por Isabel Molina Pico. |
| 260 ## - PUBLICACIÓN, DISTRIBUCIÓN, ETC. | |
| Lugar de publicación, distribución, etc. | [Pamplona] : |
| Nombre del editor, distribuidor, etc. | Desclée de Brouwer, |
| Fecha de publicación, distribución, etc. | 1957 ( |
| Fabricante | Gómez) |
| 490 1# - MENCIÓN DE SERIE | |
| Mención de serie | Spiritus ; |
| Designación de volumen o secuencia | 14 |
| 700 1# - ENTRADA AGREGADA--NOMBRE PERSONAL | |
| Nombre de persona | Molina Pico, Isabel. |
| 9 (RLIN) | 81958 |
| 830 0# - PUNTO DE ACCESO ADICIONAL DE SERIE-TÍTULO UNIFORME | |
| Título uniforme | Spiritus ; |
| Designación de volumen o secuencia | 14 |
| 9 (RLIN) | 181888 |
| 852 ## - LOCALIZACIÓN | |
| Ubicación | ES-MaACL |
| Número de control de estantería | C-12530 |
| Sublocalización o colección | R.40550 |
| Estatus retirado | Estado de pérdida | Estado de daño | No para préstamo | Biblioteca de origen | Biblioteca actual | Ubicación en estantería | Fecha de adquisición | Fuente de adquisición | Total de préstamos | Signatura topográfica completa | Código de barras | Visto por última vez | Precio de reemplazo | Tipo de ítem Koha |
|---|---|---|---|---|---|---|---|---|---|---|---|---|---|---|
| Biblioteca del Ateneo de Madrid | Biblioteca del Ateneo de Madrid | Sala Palomar | 17/01/2008 | C-12530 | 1094774 | 23/02/2023 | 23/02/2023 | Libro impreso |
